000 00564nam a2200169 4500
999 _c121513
_d121513
005 20210311103150.0
008 210227b ||||| |||| 00| 0 eng d
040 _cPK-LaUMT
082 _aRHC 891.439305
_bFAN-
245 _aFanoos (2016, Vol. 56, issue No. 1, mahnama, Lahore) = فانوس (جلد 56، شمارہ نمبر 1، 2016 ماہ نامہ لاہور /
_cedited by Muhammad Shakoor Tufail
260 _aLahore :
_bMahnamah Fanoos,
_c2016
300 _a496 p.
546 _aUrdu
650 _aUrdu literature
650 _aUrdu magazines
942 _cBK